[Event "Kolkata op2"]
[Site "Kolkata"]
[Date "1994.??.??"]
[Round "?"]
[White "Hassan, Sayed Barakat"]
[Black "Satyanarayanan, Viswanathan"]
[Result "1-0"]
[WhiteElo "2410"]
[BlackElo "2215"]
[PlyCount "76"]
[EventDate "1994.??.??"]
[EventType "swiss"]
[EventRounds "11"]
[EventCountry "IND"]
[SourceTitle "EXT 1997"]
[Source "ChessBase"]
[SourceDate "1996.11.15"]
[SourceVersion "1"]
[SourceVersionDate "1996.11.15"]
[SourceQuality "1"]

1. e4 c5 2. Nf3 Nc6 3. d4 cxd4 4. Nxd4 Nf6 5. Nc3 e5 6. Ndb5 d6 7. Bg5 a6 8. Na3 b5 9. Bxf6 gxf6 10. Nd5 Bg7 11. c4 b4 12. Nc2 0-0 13. g4 Qa5 14. b3 Be6 15. Qd2 Rab8 16. a3 Bxd5 17. exd5 Nd4 18. Nxd4 exd4 19. Bd3 Rfe8+ 20. Kf1 Qc5 21. a4 a5 22. Rd1 Re5 23. Rg1 Rbe8 24. Rg3 h5 25. gxh5 Rxh5 26. Qf4 Kf8 27. h4 Rh8 28. Kg2 Re5 29. Rg1 Qc7 30. Kf3 Rg8 31. Rxg7 Rxg7 32. Qh6 Qd7 33. Qxg7+ Ke7 34. Qg4 f5 35. Qg5+ Ke8 36. Qf6 Kf8 37. Rg3 f4 38. Bf5 Qa7 1-0

[Event "Kolkata op2"]
[Site "Kolkata"]
[Date "1994.??.??"]
[Round "?"]
[White "Neelakantan, Narayanan"]
[Black "Satyanarayanan, Viswanathan"]
[Result "1-0"]
[WhiteElo "2245"]
[BlackElo "2215"]
[PlyCount "63"]
[EventDate "1994.??.??"]
[EventType "swiss"]
[EventRounds "11"]
[EventCountry "IND"]
[SourceTitle "EXT 1997"]
[Source "ChessBase"]
[SourceDate "1996.11.15"]
[SourceVersion "1"]
[SourceVersionDate "1996.11.15"]
[SourceQuality "1"]

1. e4 e6 2. d4 d5 3. Nc3 Nf6 4. Bg5 Be7 5. e5 Nfd7 6. h4 h6 7. Be3 c5 8. Qg4 Kf8 9. f4 Nc6 10. Nf3 a6 11. 0-0-0 cxd4 12. Bxd4 Nxd4 13. Nxd4 b5 14. Rh3 h5 15. Qf3 Qc7 16. g4 Bb7 17. gxh5 b4 18. Nce2 Rc8 19. Qg4 Nc5 20. Bg2 Ne4 21. Bxe4 dxe4 22. Rg3 Rh7 23. f5 Qxe5 24. fxe6 Qxh5 25. Rf1 f6 26. Qxh5 Rxh5 27. Nf4 Rh7 28. Nf5 Bc5 29. Rd1 Bc6 30. Rd7 a5 31. Rf7+ Ke8 32. Nxg7+ 1-0